000 00977nam a2200313 i 4500
001 42581
003 ES-MaACL
005 20250829050442.0
007 t|
008 030407s2002 sp ||||0| spa j
020 _a84-376-1982-3
040 _aM-BN
_bspa
_cM-BN
080 _a130.2"19"
080 _a2"19"
100 1 _aLyon, David.
_974945
245 1 0 _aJesús en Disneylandia
_b: la religión en la posmodernidad /
_cDavid Lyon ; traducción de Marco Aurelio Galmarini.
250 _a1ª ed.
260 _aMadrid :
_bCátedra,
_c2002.
300 _a232 p. ;
_c21 cm.
490 1 _aColección Teorema. Serie mayor
504 _aBibliografía: p. 221-232.
650 1 4 _aPostmodernismo-
_xAspectos religiosos
_916331
650 1 4 _aReligiosidad-
_yS.XX.
_916831
700 1 _aGalmarini, Marco Aurelio.
_953654
830 0 _aColección Teorema. Serie mayor
_9181110
852 _aES-MaACL
_jL-26213
_bR.132114
999 _c42581
_d42581